[Event "IND-ch U13 37th"]
[Site "Durgapur"]
[Date "2024.12.21"]
[Round "7"]
[White "Sherla, Prathamesh"]
[Black "Ankit, Das"]
[Result "1-0"]
[WhiteElo "2208"]
[BlackElo "1873"]
[PlyCount "139"]
[EventDate "2024.12.17"]
[EventType "swiss"]
[EventRounds "11"]
[EventCountry "IND"]
[SourceTitle "CB04_2025"]
[SourceDate "2025.01.22"]
[SourceVersion "1"]
[SourceVersionDate "2025.01.22"]
[SourceQuality "1"]

1. c4 e6 2. g3 d5 3. Bg2 Nf6 4. Nf3 c6 5. b3 Bd6 6. Bb2 Nbd7 7. 0-0 Qe7 8. d3 0-0 9. a3 a5 10. Nbd2 e5 11. Qc2 d4 12. e3 dxe3 13. fxe3 Ng4 14. Rae1 f5 15. Qc3 Ngf6 16. Kh1 Bxa3 17. Bxa3 Qxa3 18. d4 Qb4 19. Qxb4 axb4 20. Nxe5 Nxe5 21. dxe5 Nd7 22. Nf3 Nc5 23. Ra1 Bd7 24. Nd4 Rae8 25. Ra5 b6 26. Ra7 Rxe5 27. Nxc6 Bxc6 28. Bxc6 Rxe3 29. Bd5+ Kh8 30. Rxf5 Ree8 31. Re7 g6 32. Rxf8+ Rxf8 33. g4 Nxb3 34. Rb7 Nc5 35. Rxb6 b3 36. Rb5 Rc8 37. Kg2 Kg7 38. g5 h6 39. gxh6+ Kxh6 40. Kf3 Nd7 41. Ke4 Rb8 42. Kd3 b2 43. Kc2 Kg5 44. Kxb2 Rxb5+ 45. cxb5 Kf5 46. Kc3 Ke5 47. Bc6 Nb8 48. Be8 g5 49. Kd3 Ke6 50. Ke4 Ke7 51. Bc6 Ke6 52. h3 Kf6 53. Kd5 Ke7 54. Ke5 Kd8 55. Kf6 Kc7 56. Kxg5 Nxc6 57. bxc6 Kxc6 58. Kf6 Kd7 59. Kg7 Ke7 60. h4 Ke8 61. h5 Ke7 62. h6 Ke8 63. h7 Ke7 64. h8Q Kd7 65. Kf6 Kd6 66. Qd8+ Kc6 67. Ke5 Kb7 68. Kd6 Ka7 69. Kc6 Ka6 70. Qb6# 1-0